The history of the decline and fall of the Roman Empire / (Record no. 17545)

MARC details
000 -LEADER
fixed length control field 01068cam a2200325 i 4500
001 - CONTROL NUMBER
control field 4159598
003 - CONTROL NUMBER IDENTIFIER
control field EG-ScBUE
005 - DATE AND TIME OF LATEST TRANSACTION
control field 20240229094808.0
008 - FIXED-LENGTH DATA ELEMENTS--GENERAL INFORMATION
fixed length control field 740819t2005 kyua f b 000 0 eng d
020 ## - INTERNATIONAL STANDARD BOOK NUMBER
International Standard Book Number 0404028209 (set)
020 ## - INTERNATIONAL STANDARD BOOK NUMBER
International Standard Book Number 9781402198427
040 ## - CATALOGING SOURCE
Original cataloging agency EG-ScBUE
Language of cataloging eng
Description conventions rda
Transcribing agency EG-ScBUE
Modifying agency EG-ScBUE
082 04 - DEWEY DECIMAL CLASSIFICATION NUMBER
Classification number 937.06
Edition number 22
Item number GIB
100 1# - MAIN ENTRY--PERSONAL NAME
Personal name Gibbon, Edward,
Dates associated with a name 1737-1794,
Relator term author.
9 (RLIN) 33563
245 14 - TITLE STATEMENT
Title The history of the decline and fall of the Roman Empire /
Statement of responsibility, etc Edward Gibbon.
264 #1 - PUBLICATION, DISTRIBUTION, ETC. (IMPRINT)
Place of publication, distribution, etc Lexington, KY :
Name of publisher, distributor, etc Adamant Media Corporation,
Date of publication, distribution, etc [2005]
264 #4 - PUBLICATION, DISTRIBUTION, ETC. (IMPRINT)
Date of publication, distribution, etc c2005
300 ## - PHYSICAL DESCRIPTION
Extent 434 pages :
Other physical details illustrations ;
Dimensions 23 cm.
336 ## - CONTENT TYPE
Source rdacontent
Content type term text
Content type code txt
337 ## - MEDIA TYPE
Media type term unmediated
Source rdamedia
Media type code n
338 ## - CARRIER TYPE
Carrier type term volume
Carrier type code nc
Source rdacarrier
490 0# - SERIES STATEMENT
Series statement Elibron classics
504 ## - BIBLIOGRAPHY, ETC. NOTE
Bibliography, etc Includes bibliographical references.
505 0# - FORMATTED CONTENTS NOTE
Formatted contents note Volume 1.
651 #7 - SUBJECT ADDED ENTRY--GEOGRAPHIC NAME
Geographic name Rome
General subdivision History
Chronological subdivision Empire, 30 B.C.-476 A.D.
Source of heading or term BUEsh
9 (RLIN) 33564
651 #7 - SUBJECT ADDED ENTRY--GEOGRAPHIC NAME
Geographic name Byzantine Empire
General subdivision History
Chronological subdivision To 527.
Source of heading or term BUEsh
9 (RLIN) 33725
653 ## - INDEX TERM--UNCONTROLLED
Arrived date list September2013
655 ## - INDEX TERM--GENRE/FORM
Form subdivision Reading book
942 ## - ADDED ENTRY ELEMENTS (KOHA)
Source of classification or shelving scheme Dewey Decimal Classification
Koha item type Book - Borrowing
Holdings
Withdrawn status Lost status Source of classification or shelving scheme Damaged status Not for loan Collection code Home library Current library Shelving location Date acquired Source of acquisition Cost, normal purchase price Serial Enumeration / chronology Total Checkouts Full call number Barcode Date last seen Date checked out Cost, replacement price Price effective from Koha item type
    Dewey Decimal Classification     Baccah Central Library Central Library Second Floor 23/09/2013 Purchase 173.00 18162 1 937.06 GIB 000028892 15/07/2025 21/01/2018 216.25 23/09/2013 Book - Borrowing